[Event "CZE/SVK-chT (Women)"]
[Site "Ruzomberok"]
[Date "2018.09.14"]
[Round "5"]
[White "Zlamana, Anna"]
[Black "Sevcikova, Lucia"]
[Result "1-0"]
[WhiteElo "1534"]
[BlackElo "1758"]
[PlyCount "45"]
[EventDate "2018.09.10"]
[EventType "team-tourn"]
[EventRounds "5"]
[EventCountry "SVK"]
[SourceTitle "CBM 186 Extra"]
[Source "ChessBase"]
[SourceDate "2018.08.24"]
[SourceVersion "1"]
[SourceVersionDate "2018.08.24"]
[SourceQuality "1"]
[WhiteTeam "Ricany (W)"]
[BlackTeam "Zilina Region CF (W)"]
[WhiteTeamCountry "CZE"]
[BlackTeamCountry "SVK"]

1. e4 e5 2. Nf3 Nc6 3. Nc3 Nf6 4. d4 exd4 5. Nxd4 Bb4 6. Nxc6 bxc6 7. Bd3 d5 8. exd5 cxd5 9. 0-0 0-0 10. h3 h6 11. Qf3 Rb8 12. Ne2 Bc5 13. Nf4 Bd6 14. Nh5 Nxh5 15. Qxh5 Re8 16. f4 Bc5+ 17. Kh1 Be3 18. b3 Qf6 19. Ba3 Bb7 20. Rab1 Bb6 21. c4 Re3 22. Qf5 dxc4 23. Qh7# 1-0

[Event "CZE-chT U18 Extraliga final-A 1718"]
[Site "Czech Republic"]
[Date "2018.04.21"]
[Round "9.6"]
[White "Zlamana, Anna"]
[Black "Finek, Vaclav"]
[Result "0-1"]
[WhiteElo "1551"]
[BlackElo "1409"]
[PlyCount "84"]
[EventDate "2017.10.07"]
[EventType "team-tourn"]
[EventRounds "11"]
[EventCountry "CZE"]
[SourceTitle "EXT 2023"]
[Source "ChessBase"]
[SourceDate "2022.10.05"]
[SourceVersion "1"]
[SourceVersionDate "2022.10.05"]
[SourceQuality "1"]
[WhiteTeam "Vlasim (U18)"]
[BlackTeam "Liberec Desko (U18)"]
[WhiteTeamCountry "CZE"]
[BlackTeamCountry "CZE"]

1. e4 c5 2. Nf3 d6 3. d4 cxd4 4. Nxd4 Nf6 5. Nc3 a6 6. Be3 e6 7. Be2 Be7 8. 0-0 0-0 9. Qd2 Qc7 10. f4 Rd8 11. Bf3 Nbd7 12. Qf2 Bf8 13. Nde2 e5 14. f5 b5 15. a3 Bb7 16. g4 Nc5 17. Qg2 d5 18. Bxc5 Bxc5+ 19. Kh1 dxe4 20. Nxe4 Nxe4 21. Bxe4 Bxe4 22. Qxe4 Rac8 23. Rad1 f6 24. Nc3 Bd4 25. Rd3 Qc6 26. Qxc6 Rxc6 27. Rfd1 Re8 28. Kg2 Bxc3 29. Rxc3 Rxc3 30. bxc3 Rc8 31. Rd6 Rxc3 32. Rxa6 Rxc2+ 33. Kg3 h5 34. h3 Kh7 35. Rb6 Rc3+ 36. Kg2 Rxa3 37. Rxb5 hxg4 38. hxg4 Kh6 39. Rb4 Kg5 40. Re4 Rd3 41. Ra4 Rd4 42. Ra7 Rxg4+ 0-1

[Event "CZE-ch U16 Girls"]
[Site "Kouty nad Desnou"]
[Date "2015.03.08"]
[Round "2"]
[White "Kanakova, Natalie"]
[Black "Zlamana, Anna"]
[Result "1-0"]
[WhiteElo "2007"]
[BlackElo "1940"]
[PlyCount "55"]
[EventDate "2015.03.07"]
[EventType "swiss"]
[EventRounds "9"]
[EventCountry "CZE"]
[SourceTitle "EXT 2017"]
[Source "ChessBase"]
[SourceDate "2016.10.25"]
[SourceVersion "1"]
[SourceVersionDate "2016.10.25"]
[SourceQuality "1"]

1. e4 d6 2. d4 Nf6 3. Nc3 g6 4. Be3 c6 5. Qd2 b5 6. Bd3 Nbd7 7. h3 Bb7 8. Nf3 a6 9. e5 dxe5 10. dxe5 Nd5 11. Nxd5 cxd5 12. e6 fxe6 13. Bd4 e5 14. Nxe5 Bg7 15. Nc6 Bxc6 16. Bxg7 Rg8 17. Qh6 Kf7 18. Bc3 Nf8 19. Qf4+ Ke8 20. 0-0 g5 21. Qg4 Ng6 22. Qe6 Kf8 23. Qxc6 d4 24. Bxd4 Qxd4 25. Qxa8+ Kf7 26. Bxg6+ Rxg6 27. Rad1 Qe5 28. Qd5+ 1-0

[Event "Ricany op-A"]
[Site "Ricany"]
[Date "2014.08.29"]
[Round "8"]
[White "Zlamana, Anna"]
[Black "Hanl, Frantisek"]
[Result "0-1"]
[WhiteElo "1565"]
[BlackElo "1972"]
[PlyCount "64"]
[EventDate "2014.08.23"]
[EventType "swiss"]
[EventRounds "9"]
[EventCountry "CZE"]
[SourceTitle "EXT 2015"]
[Source "ChessBase"]
[SourceDate "2014.11.20"]
[SourceVersion "1"]
[SourceVersionDate "2014.11.20"]
[SourceQuality "1"]

1. e4 c5 2. Nf3 g6 3. d4 cxd4 4. Nxd4 Bg7 5. Be3 Nc6 6. c4 d6 7. Nc3 Nf6 8. Be2 0-0 9. 0-0 e6 10. Kh1 a6 11. f4 Qc7 12. b3 Rd8 13. Bf3 Bd7 14. Rg1 Nxd4 15. Bxd4 Bc6 16. g4 e5 17. Be3 exf4 18. Bxf4 Nxg4 19. Rxg4 Bxc3 20. Rc1 Be5 21. Bg5 Rf8 22. Bh6 Rfe8 23. Qd3 Qe7 24. Bg5 Bf6 25. Bxf6 Qxf6 26. Rd1 Qe6 27. Qxd6 f5 28. Rf4 Qxd6 29. Rxd6 fxe4 30. Be2 Rad8 31. Rxd8 Rxd8 32. Rf1 Rd2 0-1

[Event "Ricany op-A"]
[Site "Ricany"]
[Date "2014.08.23"]
[Round "1"]
[White "Postupa, Pavel1111"]
[Black "Zlamana, Anna"]
[Result "1-0"]
[WhiteElo "1981"]
[BlackElo "1565"]
[PlyCount "63"]
[EventDate "2014.08.23"]
[EventType "swiss"]
[EventRounds "9"]
[EventCountry "CZE"]
[SourceTitle "EXT 2015"]
[Source "ChessBase"]
[SourceDate "2014.11.20"]
[SourceVersion "1"]
[SourceVersionDate "2014.11.20"]
[SourceQuality "1"]

1. e4 e5 2. Nf3 Nc6 3. Bb5 a6 4. Ba4 Nf6 5. 0-0 Be7 6. Re1 b5 7. Bb3 0-0 8. Nc3 d6 9. a4 b4 10. Nd5 Bg4 11. c3 bxc3 12. dxc3 Rb8 13. Bc4 a5 14. h3 Bh5 15. Nxf6+ Bxf6 16. g4 Bg6 17. Qd5 Qe8 18. Bb5 Ne7 19. Qd3 c6 20. g5 d5 21. gxf6 dxe4 22. Qd6 Nf5 23. Qxc6 Qxc6 24. Bxc6 exf3 25. fxg7 Kxg7 26. Rxe5 Nh4 27. Bg5 Nf5 28. Rb5 h6 29. Bf4 Rxb5 30. axb5 Bh5 31. b6 Rc8 32. Bd7 1-0

[Event "Mlada Boleslav Region-ch U20"]
[Site "Mlada Boleslav"]
[Date "2014.06.21"]
[Round "4"]
[White "Homola, Martin"]
[Black "Zlamana, Anna"]
[Result "1/2-1/2"]
[WhiteElo "1448"]
[BlackElo "1503"]
[PlyCount "58"]
[EventDate "2014.06.21"]
[EventType "swiss"]
[EventRounds "7"]
[EventCountry "CZE"]
[SourceTitle "EXT 2016"]
[Source "ChessBase"]
[SourceDate "2015.10.08"]
[SourceVersion "1"]
[SourceVersionDate "2015.10.08"]
[SourceQuality "1"]

1. e4 e5 2. Nf3 Nc6 3. Bb5 a6 4. Bxc6 dxc6 5. Nc3 Bd6 6. 0-0 Nf6 7. d4 Bg4 8. dxe5 Bxf3 9. Qxf3 Bxe5 10. Bg5 0-0 11. Rad1 Qe7 12. Rfe1 Rad8 13. Bxf6 Qxf6 14. Qxf6 Bxf6 15. f3 Rfe8 16. Rd3 Rxd3 17. cxd3 Rd8 18. Rd1 b5 19. Kf2 c5 20. Ke2 Bxc3 21. bxc3 b4 22. Rc1 Rc8 23. c4 Kf8 24. f4 f6 25. g4 Re8 26. Ke3 Rd8 27. h4 Kf7 28. Rf1 Ke6 29. g5 f5 1/2-1/2

[Event "Wch U14 Girls"]
[Site "Al Ain"]
[Date "2013.12.26"]
[Round "9"]
[White "Kamal, Jalal Aden"]
[Black "Zlamana, Anna"]
[Result "1-0"]
[WhiteElo "1593"]
[BlackElo "1505"]
[PlyCount "83"]
[EventDate "2013.12.18"]
[EventType "swiss"]
[EventRounds "11"]
[EventCountry "UAE"]
[SourceTitle "CBM 158 Extra"]
[Source "ChessBase"]
[SourceDate "2014.02.28"]
[SourceVersion "1"]
[SourceVersionDate "2014.02.28"]
[SourceQuality "1"]

1. e4 e5 2. Nf3 Nc6 3. Bc4 Nf6 4. Nc3 Bb4 5. 0-0 0-0 6. d3 h6 7. h3 d6 8. Be3 Be6 9. Nd5 Bxd5 10. Bxd5 Nxd5 11. exd5 Ne7 12. c4 Nf5 13. a3 Nxe3 14. fxe3 Ba5 15. Kh1 f5 16. d4 e4 17. Nh2 Bb6 18. Qh5 Qg5 19. Qxg5 hxg5 20. Rad1 f4 21. Ng4 fxe3 22. Nxe3 Rxf1+ 23. Nxf1 Rf8 24. Kg1 Rf4 25. Ne3 Kh7 26. b4 a6 27. c5 Ba7 28. Rf1 Kg6 29. g3 Rxf1+ 30. Kxf1 b6 31. c6 b5 32. Nc2 Kf5 33. Kf2 Bb6 34. Ke3 g4 35. h4 Ba7 36. Na1 Bb6 37. Nb3 Ba7 38. Nd2 Bb6 39. Nxe4 Ba7 40. Nxd6+ Kg6 41. Ne8 Bb8 42. d6 1-0

[Event "Wch U14 Girls"]
[Site "Al Ain"]
[Date "2013.12.21"]
[Round "5"]
[White "Nunes, Agatha Hurba"]
[Black "Zlamana, Anna"]
[Result "1-0"]
[WhiteElo "1669"]
[BlackElo "1505"]
[PlyCount "53"]
[EventDate "2013.12.18"]
[EventType "swiss"]
[EventRounds "11"]
[EventCountry "UAE"]
[SourceTitle "CBM 158 Extra"]
[Source "ChessBase"]
[SourceDate "2014.02.28"]
[SourceVersion "1"]
[SourceVersionDate "2014.02.28"]
[SourceQuality "1"]

1. d4 d5 2. c4 e6 3. cxd5 exd5 4. Nc3 Be7 5. Nf3 c6 6. Bf4 Nf6 7. e3 Bf5 8. Bd3 Bxd3 9. Qxd3 Nbd7 10. 0-0 0-0 11. Rab1 a5 12. a3 a4 13. Ne5 Nxe5 14. Bxe5 Re8 15. Bxf6 Bxf6 16. b4 b5 17. Rfc1 Rc8 18. Ne2 Bg5 19. Rc3 Qf6 20. Rbc1 Re6 21. Qxb5 h5 22. Qb7 Rce8 23. Rxc6 h4 24. Rxe6 Qxe6 25. Qc6 Qe7 26. Rc3 h3 27. Qxd5 1-0

[Event "Wch U14 Girls"]
[Site "Al Ain"]
[Date "2013.12.21"]
[Round "4"]
[White "Zlamana, Anna"]
[Black "Cimpean, Andra"]
[Result "1/2-1/2"]
[WhiteElo "1505"]
[BlackElo "1657"]
[PlyCount "88"]
[EventDate "2013.12.18"]
[EventType "swiss"]
[EventRounds "11"]
[EventCountry "UAE"]
[SourceTitle "CBM 158 Extra"]
[Source "ChessBase"]
[SourceDate "2014.02.28"]
[SourceVersion "1"]
[SourceVersionDate "2014.02.28"]
[SourceQuality "1"]

1. e4 Nf6 2. e5 Nd5 3. d4 d6 4. c4 Nb6 5. exd6 exd6 6. h3 Nc6 7. Nf3 Be7 8. Be3 Bf6 9. Be2 0-0 10. 0-0 Bf5 11. a3 d5 12. c5 Nc4 13. Bxc4 dxc4 14. Re1 Bd3 15. Nbd2 Nxd4 16. Nxd4 Bxd4 17. Nxc4 Bxe3 18. Nxe3 Bg6 19. Nd5 c6 20. Ne7+ Kh8 21. Nxg6+ fxg6 22. Qxd8 Raxd8 23. Rad1 Kg8 24. Rxd8 Rxd8 25. Re7 Rb8 26. b4 a5 27. bxa5 Ra8 28. Rxb7 Rxa5 29. a4 Rxc5 30. Ra7 Rc1+ 31. Kh2 Ra1 32. Rc7 Rxa4 33. Rxc6 Kf7 34. Rc5 Rb4 35. g4 Rb3 36. h4 h6 37. Kg2 Ra3 38. f3 Ra4 39. Kg3 Rb4 40. Kh3 Rd4 41. Kg3 Rb4 42. Rc7+ Kf8 43. Rc8+ Kf7 44. Rc7+ Kf8 1/2-1/2

[Event "Czech Fed-ch U14"]
[Site "Hrdonov"]
[Date "2013.10.26"]
[Round "1"]
[White "Jelinek, Michal"]
[Black "Zlamana, Anna"]
[Result "1-0"]
[WhiteElo "1849"]
[BlackElo "1514"]
[PlyCount "79"]
[EventDate "2013.10.26"]
[EventType "swiss"]
[EventRounds "9"]
[EventCountry "CZE"]
[SourceTitle "EXT 2016"]
[Source "ChessBase"]
[SourceDate "2015.10.08"]
[SourceVersion "1"]
[SourceVersionDate "2015.10.08"]
[SourceQuality "1"]

1. d4 d5 2. c4 e6 3. Nc3 Be7 4. Nf3 Nf6 5. Bg5 h6 6. Bh4 c6 7. e3 Ne4 8. Bxe7 Qxe7 9. Nxe4 dxe4 10. Nd2 f5 11. c5 Nd7 12. Nc4 0-0 13. Nd6 e5 14. Bc4+ Kh7 15. 0-0 Nf6 16. dxe5 Qxe5 17. Qd4 Qe7 18. Rfd1 Rd8 19. Rd2 Be6 20. Qe5 Nd5 21. Rxd5 cxd5 22. Bxd5 Re8 23. Nxe8 Rxe8 24. b4 Bxd5 25. Qxf5+ Kh8 26. Qxd5 Rd8 27. Qc4 Qe5 28. Rc1 Qb2 29. Rf1 Qe5 30. Qc2 Qe6 31. f3 Re8 32. f4 Rd8 33. f5 Qc6 34. Rd1 Rf8 35. Rd6 Qc8 36. g4 Rd8 37. Qd2 Re8 38. Qd4 Kh7 39. Rd7 Rg8 40. f6 1-0

[Event "EU Union-ch U14"]
[Site "Malenovice"]
[Date "2013.09.05"]
[Round "9"]
[White "Liebert, Erwin"]
[Black "Zlamana, Anna"]
[Result "0-1"]
[WhiteElo "1569"]
[BlackElo "1535"]
[PlyCount "40"]
[EventDate "2013.08.28"]
[EventType "swiss"]
[EventRounds "9"]
[EventCountry "CZE"]
[SourceTitle "CBM 156 Extra"]
[Source "ChessBase"]
[SourceDate "2013.10.22"]
[SourceVersion "1"]
[SourceVersionDate "2013.10.22"]
[SourceQuality "1"]

1. e4 e5 2. Nf3 Nc6 3. Bb5 a6 4. Bxc6 dxc6 5. 0-0 Bd6 6. d4 Bg4 7. dxe5 Bxf3 8. Qxf3 Bxe5 9. Nd2 Nf6 10. Nc4 Qd4 11. Qf5 Bxh2+ 12. Kxh2 Qxc4 13. Qe5+ Qe6 14. Qxc7 0-0 15. f3 Qc4 16. Bg5 Qxc2 17. Bxf6 gxf6 18. Qxb7 Rab8 19. Rfc1 Qxc1 20. Qxb8 Qh6+ 0-1

[Event "EU Union-ch U14"]
[Site "Malenovice"]
[Date "2013.09.04"]
[Round "8"]
[White "Zlamana, Anna"]
[Black "Mouthuy, Jacky Long"]
[Result "1/2-1/2"]
[WhiteElo "1535"]
[BlackElo "1380"]
[PlyCount "86"]
[EventDate "2013.08.28"]
[EventType "swiss"]
[EventRounds "9"]
[EventCountry "CZE"]
[SourceTitle "CBM 156 Extra"]
[Source "ChessBase"]
[SourceDate "2013.10.22"]
[SourceVersion "1"]
[SourceVersionDate "2013.10.22"]
[SourceQuality "1"]

1. e4 e5 2. Nf3 Nc6 3. Bc4 Bc5 4. b4 Bxb4 5. c3 Ba5 6. d4 exd4 7. 0-0 Nge7 8. cxd4 d5 9. exd5 Nxd5 10. Qb3 Be6 11. Ba3 Bb4 12. Bxb4 Ncxb4 13. Bxd5 Nxd5 14. Qxb7 0-0 15. Nbd2 Nf4 16. Qe4 Nd5 17. Nb3 Qf6 18. Qe5 Rfd8 19. Qxf6 Nxf6 20. Rac1 Rac8 21. Nfd2 a5 22. a4 Ne4 23. Nc4 Rb8 24. Nbxa5 Rxd4 25. Nc6 Bxc4 26. Nxd4 Bxf1 27. Kxf1 c5 28. Nc6 Rb6 29. Ne5 f6 30. Nd3 Rc6 31. f3 Nd2+ 32. Ke2 Nb3 33. Rc3 c4 34. Nb2 Kf7 35. Rxc4 Rxc4 36. Nxc4 Ke6 37. Ke3 Kd5 38. Nb2 g5 39. g4 h6 40. f4 Na5 41. fxg5 hxg5 42. h3 Nc6 43. Nd3 Na5 1/2-1/2

[Event "Mlada Boleslav Region-ch U20"]
[Site "Mlada Boleslav"]
[Date "2013.06.23"]
[Round "6"]
[White "Zlamana, Anna"]
[Black "Dubnicka, Augustin J"]
[Result "1-0"]
[WhiteElo "1505"]
[BlackElo "1250"]
[PlyCount "77"]
[EventDate "2013.06.22"]
[EventType "swiss"]
[EventRounds "7"]
[EventCountry "CZE"]
[SourceTitle "EXT 2015"]
[Source "ChessBase"]
[SourceDate "2014.11.20"]
[SourceVersion "1"]
[SourceVersionDate "2014.11.20"]
[SourceQuality "1"]

1. e4 e5 2. Nf3 Nf6 3. Nc3 Nc6 4. Bb5 d6 5. 0-0 Bg4 6. h3 Bh5 7. d3 Be7 8. Be3 a6 9. Ba4 0-0 10. Bb3 h6 11. Nd5 Nh7 12. c3 Bf6 13. Qe2 Na5 14. Bc2 Nc6 15. Rad1 Qd7 16. Rd2 Rac8 17. Nxe5 Bxe5 18. Qxh5 Nd8 19. d4 Bf6 20. e5 Be7 21. Bxh7+ Kxh7 22. Nf6+ Bxf6 23. exf6 Qe6 24. fxg7 Kxg7 25. Re2 b6 26. d5 Qg6 27. Bd4+ Kh7 28. Qxg6+ Kxg6 29. Rfe1 Nb7 30. b4 a5 31. a3 a4 32. Re7 f6 33. R1e3 Rg8 34. Rg3+ Kh5 35. Reg7 Rxg7 36. Rxg7 f5 37. Bf6 Rf8 38. g4+ fxg4 39. hxg4# 1-0